Ekonomika Juhoafrickej republiky bakalárska práca

Enregistré dans:
Détails bibliographiques
Auteur principal: Hluchová, Barbora
Collectivité auteur: Fakulta medzinárodných vzťahov EU. Katedra medzinárodných ekonomických vzťahov a hospodárskej diplomacie
Autres auteurs: Raneta, Leonid, 1982-
Format: Livre
Langue:slovaque
Publié: Bratislava 2018
Tags: Ajouter un tag
Pas de tags, Soyez le premier à ajouter un tag!

MARC

LEADER 00000nbm a2200000 4500
001 0244544
005 20180810101637.7
041 0 |a slo 
044 |a SK 
245 1 0 |a Ekonomika Juhoafrickej republiky  |b bakalárska práca  |c Barbora Hluchová ; školiteľ: Leonid Raneta 
264 1 |a Bratislava  |c 2018 
300 |a 48 s. 
100 1 |a Hluchová, Barbora 
700 1 |a Raneta, Leonid, 1982- 
710 2 |a Fakulta medzinárodných vzťahov EU. Katedra medzinárodných ekonomických vzťahov a hospodárskej diplomacie